|
|
|
|
| LEADER |
01283nam a2200337 a 4500 |
| 001 |
000572780 |
| 003 |
CZ BrMZK |
| 005 |
20110211150949.0 |
| 007 |
ta |
| 008 |
010825s1982 xr f cze d |
| 015 |
|
|
|a cnb000000485
|
| 020 |
|
|
|q (Váz.) :
|c 22 Kčs
|
| 035 |
|
|
|a (OCoLC)39567688
|
| 040 |
|
|
|a ABA001
|b cze
|d ABA001
|d BOA001
|
| 041 |
1 |
|
|a cze
|h sla
|
| 080 |
9 |
|
|a 885.4-32
|
| 100 |
1 |
|
|a Jarunková, Klára,
|d 1922-2005
|7 jn20000603206
|4 aut
|
| 245 |
1 |
0 |
|a Tiché bouřky /
|c Klára Jarunková ; ze slovenského originálu ... přeložila Alena Benešová ; ilustroval Václav Kabát
|
| 250 |
|
|
|a 1. vyd.
|
| 260 |
|
|
|a Praha :
|b Albatros,
|c 1982
|
| 300 |
|
|
|a 207 s. :
|b il. ;
|c 21 cm
|
| 500 |
|
|
|a 25000 výt.
|
| 700 |
1 |
|
|a Kabát, Václav,
|d 1932-
|7 jk01052309
|4 ill
|
| 700 |
1 |
|
|a Benešová, Alena
|7 jk01011655
|4 trl
|
| 765 |
0 |
|
|t Tiché búrky
|9 Česky
|
| 856 |
4 |
1 |
|u http://www.digitalniknihovna.cz/mzk/uuid/uuid:3eeb9830-dcdc-11e3-b110-005056827e51
|y Digitalizovaný dokument
|x NDK
|
| 910 |
|
|
|a BOA001
|b 2-0854.955
|b PK-0094.760
|
| 920 |
|
|
|a 000177312
|
| 990 |
|
|
|a BK
|
| 996 |
7 |
|
|b 2619767686
|c 2-0854.955
|l MZK
|r Sklad / do 1 hodiny
|n 1
|w 000572780
|u 000010
|a 1
|e BOA001
|j MZK50
|s A
|
| 996 |
7 |
|
|b 3119945877
|c PK-0094.760
|l MZK
|r Sklad / do 1 hodiny
|n 1
|w 000572780
|u 000020
|a 1
|e BOA001
|j MZK50
|s A
|